| 000 | 01081nam a2200361 a 4500 | ||
|---|---|---|---|
| 003 | AR-BaBNM | ||
| 005 | 20251128203824.0 | ||
| 008 | 082120s2002 ||||||||||||||000 | spa|| | ||
| 020 | _a950-12-1736 | ||
| 040 | _cAR-BaBNM | ||
| 100 | 1 | _aLe Boulch, Jean | |
| 245 | 0 | 0 |
_aLa educación psicomotriz en la escuela primaria _bla psicokinética en la edad escolar |
| 260 |
_aBuenos Aires _bPaidós _c1986 |
||
| 300 |
_a398 p. _bgráfs. |
||
| 490 | 0 |
_aPsicomotricidad y educación físicas _vv. 36 |
|
| 504 | _aBibliografía: p. 397-398 | ||
| 650 | 4 | _aPSICOMOTRICIDAD | |
| 650 | 4 | _aDESARROLLO MOTOR | |
| 650 | 4 | _aSOCIALIZACION | |
| 650 | 4 | _aTRABAJO EN GRUPO [METODO DE ENSEÑANZA] | |
| 650 | 4 | _aPROCESO DE APRENDIZAJE | |
| 650 | 4 | _aMETODOS DE APRENDIZAJE | |
| 650 | 4 | _aEDUCACION FISICA | |
| 650 | 4 | _aACTIVIDADES DEPORTIVAS | |
| 650 | 4 | _aEJERCICIOS FISICOS | |
| 650 | 4 | _aDESTREZAS PSICOMOTRICES | |
| 650 | 4 | _aJUEGO | |
| 650 | 4 | _aREGLAMENTACIONES | |
| 653 | _aEDUCACION PRIMARIA | ||
| 800 | 1 |
_aRomero Brest, Enrique C. _edirector |
|
| 942 | _cBK | ||
| 998 | _cGrace | ||
| 999 |
_c5046 _d5046 |
||